[Event "Collado Villalba op 40th"]
[Site "Collado Villalba"]
[Date "2023.08.24"]
[Round "3"]
[White "Fernandez Rios, Jose Francisco"]
[Black "Serrano Ruiz, Miguel"]
[Result "0-1"]
[WhiteElo "1658"]
[BlackElo "2017"]
[PlyCount "66"]
[EventDate "2023.08.22"]
[EventType "swiss"]
[EventRounds "9"]
[EventCountry "ESP"]
[SourceTitle "EXT 2024"]
[Source "ChessBase"]
[SourceDate "2023.10.10"]
[SourceVersion "1"]
[SourceVersionDate "2023.10.10"]
[SourceQuality "1"]

1. d4 d5 2. c4 e6 3. Nc3 Be7 4. Nf3 Nf6 5. cxd5 exd5 6. Bg5 c6 7. Qc2 Bg4 8. e3 Qa5 9. Bd3 Na6 10. 0-0 Nb4 11. Qb1 Nxd3 12. Qxd3 Bh5 13. Ne5 Bd6 14. Qf5 Bg6 15. Qf3 Bxe5 16. dxe5 Nd7 17. Qg3 Qb4 18. Ne2 0-0 19. Nf4 Nxe5 20. Nxd5 Qxb2 21. Ne7+ Kh8 22. Nxg6+ fxg6 23. Rab1 Qc3 24. Rxb7 Nd3 25. Rbb1 Qc2 26. f3 Rae8 27. e4 c5 28. Qd6 c4 29. Be3 Qe2 30. Bxa7 c3 31. Rb7 Nf4 32. Rf2 Qe1+ 33. Rf1 Ne2+ 0-1

[Event "ESP-ch U18"]
[Site "Salobrena"]
[Date "2023.08.04"]
[Round "8"]
[White "Revaliente Montoya, Ciro"]
[Black "Serrano Ruiz, Miguel"]
[Result "1-0"]
[WhiteElo "2233"]
[BlackElo "2017"]
[PlyCount "73"]
[EventDate "2023.07.31"]
[EventType "swiss"]
[EventRounds "9"]
[EventCountry "ESP"]
[SourceTitle "CBM 215 Extra"]
[Source "ChessBase"]
[SourceDate "2023.09.30"]
[SourceVersion "1"]
[SourceVersionDate "2023.09.30"]
[SourceQuality "1"]

1. e4 c5 2. Nf3 e6 3. d4 cxd4 4. Nxd4 a6 5. Bd3 Nf6 6. 0-0 Qc7 7. c4 b6 8. Qe2 d6 9. Nc3 Be7 10. Be3 0-0 11. Rae1 Bb7 12. f4 Nbd7 13. f5 e5 14. Nb3 Nc5 15. Nxc5 dxc5 16. g4 Ne8 17. g5 Qd8 18. h4 Kh8 19. Bc2 g6 20. Qh2 Qc7 21. Nd5 Bxd5 22. exd5 Rg8 23. fxg6 fxg6 24. Bd2 Bd6 25. Bc3 Qd7 26. Bxe5+ Bxe5 27. Qxe5+ Ng7 28. Qg3 Nh5 29. Qc3+ Ng7 30. Rf4 b5 31. b3 Rae8 32. Ref1 Re2 33. Bd1 Rxa2 34. Bg4 Qd6 35. Be6 Re8 36. Qf6 h5 37. gxh6 1-0

[Event "Collado Villalba op 39th"]
[Site "Collado Villalba"]
[Date "2022.08.22"]
[Round "3"]
[White "Gamboa Ondono, Jesus"]
[Black "Serrano Ruiz, Miguel"]
[Result "0-1"]
[WhiteElo "1769"]
[BlackElo "1890"]
[PlyCount "69"]
[EventDate "2022.08.20"]
[EventType "swiss"]
[EventRounds "9"]
[EventCountry "ESP"]
[SourceTitle "EXT 2023"]
[Source "ChessBase"]
[SourceDate "2022.10.05"]
[SourceVersion "1"]
[SourceVersionDate "2022.10.05"]
[SourceQuality "1"]

1. c4 e6 2. Nf3 d5 3. b3 d4 4. Bb2 c5 5. b4 b6 6. bxc5 bxc5 7. e3 Nc6 8. d3 Rb8 9. Bc1 Nf6 10. Be2 Bd6 11. 0-0 0-0 12. Nbd2 a5 13. exd4 Nxd4 14. Nxd4 cxd4 15. Bf3 Bb7 16. Re1 Qd7 17. Be4 Nxe4 18. Nxe4 Bxe4 19. Rxe4 f5 20. Re1 e5 21. Bd2 Qc7 22. g3 Rb2 23. Bc1 Rb7 24. Qf3 Bb4 25. Qd5+ Qf7 26. Qxe5 Bxe1 27. Qxe1 Ra8 28. Ba3 f4 29. Qe4 fxg3 30. hxg3 Re8 31. Qg4 Qf6 32. Rc1 Rf7 33. Rc2 Re1+ 34. Kg2 Qc6+ 35. f3 0-1

[Event "ESP-ch U18 Rapid"]
[Site "Salobrena"]
[Date "2022.08.07"]
[Round "5"]
[White "Serrano Ruiz, Miguel"]
[Black "Valiente Uruena, Sergio"]
[Result "1-0"]
[WhiteElo "1754"]
[BlackElo "1549"]
[PlyCount "111"]
[EventDate "2022.08.06"]
[EventType "swiss (rapid)"]
[EventRounds "9"]
[EventCountry "ESP"]
[SourceTitle "EXT 2023"]
[Source "ChessBase"]
[SourceDate "2022.10.05"]
[SourceVersion "1"]
[SourceVersionDate "2022.10.05"]
[SourceQuality "1"]

1. e4 c5 2. c3 Nf6 3. e5 Nd5 4. d4 cxd4 5. Nf3 e6 6. cxd4 d6 7. Bc4 Be7 8. 0-0 0-0 9. Re1 b6 10. Nc3 Nxc3 11. bxc3 Qc7 12. Qd3 dxe5 13. Nxe5 Nd7 14. Nxd7 Qxd7 15. Bf4 Bb7 16. Bb3 Bf6 17. Qh3 g6 18. Rxe6 Bg7 19. Be5 Bd5 20. Bxg7 Bxe6 21. Bxe6 Qxe6 22. Qxe6 fxe6 23. Bxf8 Rxf8 24. Kf1 Rc8 25. Rc1 Kf7 26. Ke2 Ke7 27. Kd3 Kd6 28. Re1 Rf8 29. f3 Rf5 30. Re2 Rf7 31. Re5 Rc7 32. h4 Rg7 33. c4 Rc7 34. h5 gxh5 35. Rxh5 Rg7 36. g4 Rf7 37. Ke4 Rc7 38. c5+ bxc5 39. dxc5+ Kc6 40. Ke5 Kxc5 41. Kxe6+ Kd4 42. f4 Rg7 43. g5 Ke4 44. f5 Rb7 45. Rh4+ Kf3 46. f6 Rb6+ 47. Ke7 Rb7+ 48. Kf8 Rb8+ 49. Kg7 Rb7+ 50. f7 Kg3 51. Re4 Kf3 52. Rc4 Kg3 53. Kg8 Rb5 54. f8Q Rxg5+ 55. Kxh7 Rh5+ 56. Kg6 1-0

[Event "ESP-ch U18"]
[Site "Salobrena"]
[Date "2022.08.05"]
[Round "8"]
[White "Jimenez Fernandez, Rebeca"]
[Black "Serrano Ruiz, Miguel"]
[Result "0-1"]
[WhiteElo "1908"]
[BlackElo "1795"]
[PlyCount "68"]
[EventDate "2022.08.01"]
[EventType "swiss"]
[EventRounds "9"]
[EventCountry "ESP"]
[SourceTitle "EXT 2023"]
[Source "ChessBase"]
[SourceDate "2022.10.05"]
[SourceVersion "1"]
[SourceVersionDate "2022.10.05"]
[SourceQuality "1"]

1. e4 c5 2. Nf3 e6 3. d4 cxd4 4. Nxd4 a6 5. Bd3 b5 6. 0-0 Qb6 7. Nb3 Qc7 8. a4 b4 9. a5 Bb7 10. Be3 Nf6 11. N1d2 d6 12. f4 Nbd7 13. Qf3 Nc5 14. Nxc5 dxc5 15. Qe2 Be7 16. e5 Nd5 17. Nc4 Qc6 18. Rf3 g6 19. Rg3 h5 20. Qf2 Nxe3 21. Rxe3 Rd8 22. Qe2 Rd4 23. Rf1 g5 24. f5 Rg4 25. Rg3 Rxg3 26. hxg3 h4 27. gxh4 gxh4 28. fxe6 h3 29. exf7+ Kf8 30. Rf3 hxg2 31. Kxg2 Qh6 32. Be4 Qh2+ 33. Kf1 Qh1+ 34. Kf2 Rh2+ 0-1

[Event "ESP-ch U16 Rapid"]
[Site "Salobrena"]
[Date "2022.07.31"]
[Round "7"]
[White "Galarza Arza, Ekain"]
[Black "Serrano Ruiz, Miguel"]
[Result "1/2-1/2"]
[WhiteElo "1519"]
[BlackElo "1757"]
[PlyCount "73"]
[EventDate "2022.07.30"]
[EventType "swiss (rapid)"]
[EventRounds "9"]
[EventCountry "ESP"]
[SourceTitle "EXT 2023"]
[Source "ChessBase"]
[SourceDate "2022.10.05"]
[SourceVersion "1"]
[SourceVersionDate "2022.10.05"]
[SourceQuality "1"]

1. d4 d5 2. Nf3 Nf6 3. e3 e6 4. Bd3 Be7 5. Nbd2 0-0 6. 0-0 b6 7. e4 dxe4 8. Nxe4 Bb7 9. Qe2 Nbd7 10. c3 c5 11. dxc5 Nxc5 12. Nxc5 Bxc5 13. Bg5 Be7 14. Rad1 Qc7 15. Bxf6 Bxf6 16. Be4 Bxe4 17. Qxe4 Rfd8 18. Nd4 Bxd4 19. Rxd4 Rxd4 20. Qxd4 Rd8 21. Qa4 Qd7 22. Qxd7 Rxd7 23. f3 Rd2 24. Rf2 Rd1+ 25. Rf1 Rd3 26. Rf2 Rd1+ 27. Rf1 Rd5 28. Rf2 Kf8 29. Kf1 Ke7 30. Ke2 Kd6 31. Ke3 Re5+ 32. Kd4 Rd5+ 33. Ke3 Re5+ 34. Kd4 Ra5 35. a3 Rd5+ 36. Ke3 Re5+ 37. Kd4 1/2-1/2

[Event "ESP-ch U16 Rapid"]
[Site "Salobrena"]
[Date "2022.07.31"]
[Round "9"]
[White "Odriozola Coscolin, Alex"]
[Black "Serrano Ruiz, Miguel"]
[Result "0-1"]
[WhiteElo "1451"]
[BlackElo "1757"]
[PlyCount "66"]
[EventDate "2022.07.30"]
[EventType "swiss (rapid)"]
[EventRounds "9"]
[EventCountry "ESP"]
[SourceTitle "EXT 2023"]
[Source "ChessBase"]
[SourceDate "2022.10.05"]
[SourceVersion "1"]
[SourceVersionDate "2022.10.05"]
[SourceQuality "1"]

1. d4 d5 2. c4 e6 3. Nf3 Nf6 4. g3 Be7 5. Bg2 0-0 6. Qc2 b6 7. cxd5 exd5 8. 0-0 Bb7 9. Nc3 c5 10. Bf4 Nc6 11. dxc5 bxc5 12. Rfd1 Nb4 13. Qd2 d4 14. Nb1 Ne4 15. Qc1 Bd6 16. Bxd6 Qxd6 17. Na3 Ba6 18. Nd2 Nxd2 19. Qxd2 Rab8 20. b3 Rfd8 21. Rac1 Nd5 22. e3 Rb6 23. exd4 cxd4 24. Nc4 Bxc4 25. Rxc4 Nc3 26. Rxd4 Nxd1 27. Rxd6 Rbxd6 28. Qa5 Rd2 29. Qxa7 Nxf2 30. b4 g6 31. b5 Rb2 32. b6 Rd1+ 33. Bf1 Nh3+ 0-1

[Event "ESP-ch U16 Rapid"]
[Site "Salobrena"]
[Date "2022.07.30"]
[Round "1"]
[White "Platero Rivas, Nicolas"]
[Black "Serrano Ruiz, Miguel"]
[Result "0-1"]
[WhiteElo "1391"]
[BlackElo "1757"]
[PlyCount "90"]
[EventDate "2022.07.30"]
[EventType "swiss (rapid)"]
[EventRounds "9"]
[EventCountry "ESP"]
[SourceTitle "EXT 2023"]
[Source "ChessBase"]
[SourceDate "2022.10.05"]
[SourceVersion "1"]
[SourceVersionDate "2022.10.05"]
[SourceQuality "1"]

1. c4 e6 2. Nf3 d5 3. b3 Nf6 4. e3 Be7 5. g3 0-0 6. Bg2 b6 7. 0-0 Bb7 8. Bb2 c5 9. Nc3 Nbd7 10. d4 Rc8 11. dxc5 bxc5 12. Qe2 Nb6 13. Rad1 Qc7 14. Nb5 Qd8 15. Rd2 a6 16. Na3 Qc7 17. Rfd1 Rfd8 18. Ne1 h6 19. Nec2 Qb8 20. Nb1 Qa8 21. cxd5 exd5 22. Nc3 c4 23. Ba3 Bxa3 24. Nxa3 cxb3 25. Ncb1 bxa2 26. Rxa2 Ne4 27. Rb2 Na4 28. Rc2 Nac3 29. Nxc3 Nxc3 30. Qg4 Nxd1 31. Rxc8 Qxc8 32. Qxd1 a5 33. Qd2 a4 34. Nb5 Qc5 35. Nc3 a3 36. Nb1 Ra8 37. Qa2 Qc1+ 38. Bf1 Qb2 39. Qxb2 axb2 40. Bd3 Ba6 41. Bc2 Bc4 42. Nc3 Ra1+ 43. Kg2 Ba2 44. Kf3 b1Q 45. Bxb1 Bxb1 0-1

[Event "Collado Villalba op 38th"]
[Site "Collado Villalba"]
[Date "2021.08.25"]
[Round "5"]
[White "Cuellar Gutierrez, Raul"]
[Black "Serrano Ruiz, Miguel"]
[Result "1/2-1/2"]
[WhiteElo "2006"]
[BlackElo "1675"]
[PlyCount "102"]
[EventDate "2021.08.21"]
[EventType "swiss"]
[EventRounds "9"]
[EventCountry "ESP"]
[SourceTitle "CBM 204 Extra"]
[Source "ChessBase"]
[SourceDate "2021.11.30"]
[SourceVersion "1"]
[SourceVersionDate "2021.11.30"]
[SourceQuality "1"]

1. d4 d5 2. Nf3 Nf6 3. g3 e6 4. Bg2 Be7 5. 0-0 0-0 6. c4 dxc4 7. Ne5 Nc6 8. Bxc6 bxc6 9. Nxc6 Qe8 10. Nxe7+ Qxe7 11. Qa4 c5 12. Qxc4 cxd4 13. Qxd4 Ba6 14. Nc3 Rfd8 15. Qh4 h6 16. Be3 Rab8 17. Qa4 Qb7 18. Rab1 Nd5 19. Nxd5 Rxd5 20. Rfe1 Bb5 21. Qxa7 Qxa7 22. Bxa7 Ra8 23. Be3 Rxa2 24. Kf1 f5 25. h4 Kf7 26. b4 Kf6 27. Ra1 Rb2 28. Bc5 Rdd2 29. Ra7 g5 30. hxg5+ hxg5 31. Rb7 Bxe2+ 32. Kg1 Bc4 33. Be3 Rd3 34. Bc5 Rdd2 35. Be7+ Kg6 36. Bc5 Kf6 37. Rc7 Bd5 38. Bf8 Rbc2 39. Bg7+ Kg6 40. Rxc2 Rxc2 41. Bd4 Rc7 42. b5 Rh7 43. f4 Rh1+ 44. Kf2 Rxe1 45. Kxe1 gxf4 46. gxf4 Kf7 47. Kd2 Ke7 48. Kc3 Kd7 49. Kb4 Kc7 50. Kc5 Kb7 51. Kd6 Ba2 1/2-1/2

[Event "Collado Villalba op 38th"]
[Site "Collado Villalba"]
[Date "2021.08.24"]
[Round "4"]
[White "Fernandez Rubio, Guillermo"]
[Black "Serrano Ruiz, Miguel"]
[Result "0-1"]
[WhiteElo "1414"]
[BlackElo "1675"]
[PlyCount "74"]
[EventDate "2021.08.21"]
[EventType "swiss"]
[EventRounds "9"]
[EventCountry "ESP"]
[SourceTitle "CBM 204 Extra"]
[Source "ChessBase"]
[SourceDate "2021.11.30"]
[SourceVersion "1"]
[SourceVersionDate "2021.11.30"]
[SourceQuality "1"]

1. d4 d5 2. c4 e6 3. Nf3 Nf6 4. cxd5 exd5 5. Bg5 Be7 6. e3 0-0 7. Be2 c6 8. 0-0 Bf5 9. Nbd2 h6 10. Bh4 Nbd7 11. Rc1 Re8 12. Re1 Nb6 13. Qb3 Rc8 14. h3 a5 15. a4 Bb4 16. Red1 Qd6 17. Bg3 Qe6 18. Ne5 Ne4 19. Nxe4 Bxe4 20. Bg4 Bf5 21. Bxf5 Qxf5 22. Nd3 Nc4 23. Nxb4 axb4 24. Qxb4 Qg6 25. Kh2 b6 26. Qc3 Qg5 27. Bf4 Qf6 28. b3 Nd6 29. Bxd6 Qxd6+ 30. f4 Re4 31. Rd3 c5 32. dxc5 Rxc5 33. Qd2 d4 34. Rxc5 bxc5 35. exd4 cxd4 36. g3 Qe6 37. Kg1 Re2 0-1

[Event "ESP-ch U16"]
[Site "Salobrena"]
[Date "2021.07.23"]
[Round "7"]
[White "Serrano Ruiz, Miguel"]
[Black "Perez Bolanos, David"]
[Result "0-1"]
[WhiteElo "1711"]
[BlackElo "2038"]
[PlyCount "78"]
[EventDate "2021.07.19"]
[EventType "swiss"]
[EventRounds "9"]
[EventCountry "ESP"]
[SourceTitle "EXT 2022"]
[Source "ChessBase"]
[SourceDate "2021.10.06"]
[SourceVersion "1"]
[SourceVersionDate "2021.10.06"]
[SourceQuality "1"]

1. e4 c5 2. c3 Nf6 3. e5 Nd5 4. d4 Nc6 5. Nf3 cxd4 6. cxd4 d6 7. Bc4 Nb6 8. Bd3 dxe5 9. dxe5 g6 10. 0-0 Bg7 11. Re1 0-0 12. Nc3 Bg4 13. Bf4 Qb8 14. Qe2 Bxf3 15. gxf3 Nd7 16. Nd5 e6 17. Ne3 Nd4 18. Qd1 Nxe5 19. Bxe5 Bxe5 20. Kg2 Bg7 21. h4 Qf4 22. Rh1 h5 23. Rh3 Rfd8 24. Qd2 Nf5 25. Rah1 Bf6 26. Qe2 Nxh4+ 27. Kf1 Rac8 28. Bc2 Nf5 29. Bxf5 exf5 30. Kg2 Qe5 31. Qf1 f4 32. Nc4 Qc5 33. b3 b5 34. Na5 Rd2 35. a3 Qg5+ 36. Kh2 Rcc2 37. Rg1 Rxf2+ 38. Qxf2 Rxf2+ 39. Kh1 Qd5 0-1

[Event "Madrid-ch U14"]
[Site "Madrid"]
[Date "2021.04.18"]
[Round "3"]
[White "Serrano Ruiz, Miguel"]
[Black "Centeno Mendoza, Julio Stefano"]
[Result "0-1"]
[WhiteElo "1702"]
[BlackElo "2064"]
[PlyCount "122"]
[EventDate "2021.04.17"]
[EventType "swiss"]
[EventRounds "5"]
[EventCountry "ESP"]
[SourceTitle "EXT 2023"]
[Source "ChessBase"]
[SourceDate "2022.10.05"]
[SourceVersion "1"]
[SourceVersionDate "2022.10.05"]
[SourceQuality "1"]

1. e4 e5 2. Nf3 Nc6 3. Bc4 Bc5 4. c3 Nf6 5. d4 exd4 6. cxd4 Bb4+ 7. Nc3 Nxe4 8. 0-0 Bxc3 9. bxc3 d5 10. Bd3 Bf5 11. Qc2 0-0 12. Bf4 Re8 13. Rab1 Na5 14. h3 c6 15. Ne5 f6 16. Ng4 Bxg4 17. hxg4 h6 18. f3 Nd6 19. Rfe1 Nac4 20. Bh7+ Kh8 21. Qg6 Qd7 22. Rxe8+ Rxe8 23. Qd3 Qe6 24. Kf2 b5 25. Rh1 Nf7 26. Bg6 Kg8 27. Bxf7+ Kxf7 28. Qh7 Qe2+ 29. Kg3 Ne3 30. Bxe3 Qxe3 31. Qf5 Qxc3 32. Rd1 a5 33. Qf4 Re2 34. Qc7+ Kg6 35. Qd7 Qc2 36. Rg1 Qxa2 37. Qf5+ Kf7 38. Qd7+ Re7 39. Qxc6 Qc4 40. Qb6 Qc7+ 41. Qxc7 Rxc7 42. Rb1 b4 43. Kf2 Rc4 44. Ra1 b3 45. Rxa5 Rb4 46. Ra1 Rxd4 47. Ke3 Rb4 48. Rb1 b2 49. Kd3 Ke6 50. Kc3 Rb8 51. Kd4 Kd6 52. Kc3 Kc5 53. Kd3 Rb3+ 54. Kc2 Kc4 55. f4 d4 56. g3 d3+ 57. Kd2 Rb8 58. g5 hxg5 59. fxg5 fxg5 60. g4 g6 61. Kd1 Kc3 0-1

[Event "Madrid-ch U14"]
[Site "Madrid"]
[Date "2021.04.17"]
[Round "2"]
[White "Martinez Garcia, Ruben"]
[Black "Serrano Ruiz, Miguel"]
[Result "0-1"]
[WhiteElo "1651"]
[BlackElo "1702"]
[PlyCount "46"]
[EventDate "2021.04.17"]
[EventType "swiss"]
[EventRounds "5"]
[EventCountry "ESP"]
[SourceTitle "EXT 2023"]
[Source "ChessBase"]
[SourceDate "2022.10.05"]
[SourceVersion "1"]
[SourceVersionDate "2022.10.05"]
[SourceQuality "1"]

1. e4 c5 2. b3 e6 3. Bb2 a6 4. Nf3 b5 5. d4 cxd4 6. Nxd4 Bb7 7. Nd2 Nf6 8. e5 Nd5 9. Be2 Be7 10. Bf3 Qc7 11. c4 bxc4 12. bxc4 Nf4 13. 0-0 0-0 14. Qc2 Nc6 15. Nxc6 Bxc6 16. Be4 Ng6 17. f4 d6 18. Qc3 dxe5 19. fxe5 Rab8 20. Kh1 Bxe4 21. Nxe4 Qb7 22. Qh3 Qxe4 23. Rae1 Qxc4 0-1

[Event "San Sebastian de los Reyes op U2200 2nd"]
[Site "San Sebastian de los Reyes"]
[Date "2019.05.19"]
[Round "4"]
[White "Serrano Ruiz, Miguel"]
[Black "Hernandez Ramos, Alberto"]
[Result "0-1"]
[WhiteElo "1683"]
[BlackElo "1958"]
[PlyCount "108"]
[EventDate "2019.05.11"]
[EventType "swiss"]
[EventRounds "6"]
[EventCountry "ESP"]
[SourceTitle "EXT 2024"]
[Source "ChessBase"]
[SourceDate "2023.10.10"]
[SourceVersion "1"]
[SourceVersionDate "2023.10.10"]
[SourceQuality "1"]

1. e4 e5 2. Nf3 Nc6 3. Bc4 Bc5 4. b4 Bxb4 5. c3 Ba5 6. d4 exd4 7. Qb3 Qf6 8. 0-0 Nge7 9. Bg5 Qg6 10. Bxe7 Nxe7 11. Ne5 Qf6 12. Nxf7 Rf8 13. e5 Qf5 14. cxd4 Rxf7 15. Bxf7+ Qxf7 16. Qxf7+ Kxf7 17. Rd1 Nc6 18. Na3 Bc3 19. Rab1 Bxd4 20. Nc4 a6 21. a4 Bxe5 22. Nxe5+ Nxe5 23. Rd5 d6 24. Rc1 Nc6 25. Rd3 Be6 26. Rf3+ Ke7 27. h4 Rf8 28. Rg3 Rf7 29. Rb1 Nd8 30. Rc3 Kd7 31. Rbc1 c6 32. g3 Rf5 33. Rd1 d5 34. Ra3 b5 35. Rda1 b4 36. R3a2 c5 37. Rb2 Nc6 38. Kf1 c4 39. Ke2 c3 40. Rc2 Nd4+ 41. Kd3 Nxc2 42. Kxc2 Kd6 43. Kb3 d4+ 44. Kxb4 Rc5 45. Rc1 c2 46. Ka3 d3 47. Kb2 d2 48. Rxc2 d1Q 49. Rxc5 Qb3+ 50. Kc1 Kxc5 51. Kd2 Kd4 52. f4 Qd3+ 53. Kc1 Kc3 54. g4 Qc2# 0-1